Larousse enciclopedia de los niños (Registro nro. 10469)

Detalles MARC
000 -CABECERA
Longitud fija campo de control 00894nam a22002177a 4500
003 - IDENTIFICADOR DELl NÚMERO DE CONTROL
Identificador del número de control OSt
005 - FECHA Y HORA DE LA ÚLTIMA TRANSACCIÓN
Fecha y hora de la última transacción 20140531085713.0
008 - CÓDIGOS DE INFORMACIÓN DE LONGITUD FIJA
Códigos de información de longitud fija 140526b1996 mex spa
020 ## - NÚMERO INTERNACIONAL NORMALIZADO PARA LIBROS
Número Internacional Normalizado para Libros (ISBN) 970-607-552-6 (obra completa)
040 ## - FUENTE DE LA CATALOGACIÓN
Centro transcriptor BMC
082 ## - NÚMERO DE LA CLASIFICACIÓN DECIMAL DEWEY
Númeroo de clasificación 030.083
245 10 - MENCIÓN DE TÍTULO
Título Larousse enciclopedia de los niños
Mención de responsabilidad, etc. [dirección de la publicación, Jim Miles ; traducción, Rosana Villegas, Lorena Murillo]
260 ## - PUBLICACIÓN, DISTRIBUCIÓN, ETC. (PIE DE IMPRENTA)
Lugar de publicación, distribución, etc. México, D.F.
Nombre del editor, distribuidor, etc. Larousse
Fecha de publicación, distribución, etc. cop. 1996
300 ## - DESCRIPCIÓN FÍSICA
Extensión 5 v.
Otras características físicas il. col.
Dimensiones 28 cm
505 ## - NOTA DE CONTENIDO CON FORMATO
Nota de contenido con formato Contiene: Vol. 1: El universo , El planeta tierra - Vol. 2: El mar, Los animales - Vol. 2: Las plantas, Los dinosaurios - Vol. 4: El cuerpo humano, Los animales - Vol. 5: La ciencia, Los lugares y la gente
650 24 - PUNTO DE ACCESO ADICIONAL DE MATERIA - TÉRMINO DE MATERIA
9 (RLIN) 17382
Término de materia o nombre geográfico como elemento inicial Enciclopedias infantiles y juveniles
700 1# - PUNTO DE ACCESO ADICIONAL - NOMBRE DE PERSONA
9 (RLIN) 19475
Nombre de persona Miles, Jim
700 1# - PUNTO DE ACCESO ADICIONAL - NOMBRE DE PERSONA
9 (RLIN) 19476
Nombre de persona Villegas, Rosana
700 1# - PUNTO DE ACCESO ADICIONAL - NOMBRE DE PERSONA
9 (RLIN) 19477
Nombre de persona Murillo, Lorena
942 ## - ENTRADA DE ELEMENTOS AGREGADOS (KOHA)
Fuente de clasificaión o esquema Dewey Decimal Classification
Koha [por defecto] tipo de item 1- Monografias
Existencias
Suprimido Perdido Fuente de clasificación o esquema Estropeado Restricciones de uso No para préstamo Código de colección Localización permanente Localización actual Localización en estanter&íacute;as Fecha adquisición Fuente de adquisición Número de inventario Préstamos totales Renovaciones totales Signatura completa Código de barras Fecha última consulta Fecha último préstamo Coste, precio reemplazado Fecha del precio de reemplazo Tipo de item de Koha
NULL NULL Dewey Decimal Classification NULL Prestable NULL NULL Biblioteca Miguel de Cervantes - UNICAES Biblioteca Miguel de Cervantes - UNICAES Sala Principal 28/05/2014 Donación - COREI, S.A de C.V 016703 3 1 030.083 LAR (v. 1) 1017046 23/07/2025 23/07/2025 15.87 28/05/2014 1- Monografias
NULL NULL Dewey Decimal Classification NULL Prestable NULL NULL Biblioteca Miguel de Cervantes - UNICAES Biblioteca Miguel de Cervantes - UNICAES Sala Principal 28/05/2014 Donación - COREI, S.A de C.V 016704 2   030.083 LAR (v. 2) 1017047 23/07/2025 23/07/2025 15.87 28/05/2014 1- Monografias
NULL NULL Dewey Decimal Classification NULL Prestable NULL NULL Biblioteca Miguel de Cervantes - UNICAES Biblioteca Miguel de Cervantes - UNICAES Sala Principal 28/05/2014 Donación - COREI, S.A de C.V 016705 1   030.083 LAR (v. 3) 1017048 23/07/2025 23/07/2025 15.87 28/05/2014 1- Monografias
NULL NULL Dewey Decimal Classification NULL Prestable NULL NULL Biblioteca Miguel de Cervantes - UNICAES Biblioteca Miguel de Cervantes - UNICAES Sala Principal 28/05/2014 Donación - COREI, S.A de C.V 016706 2   030.083 LAR (v. 4) 1017049 23/07/2025 23/07/2025 15.87 28/05/2014 1- Monografias
NULL NULL Dewey Decimal Classification NULL Prestable NULL NULL Biblioteca Miguel de Cervantes - UNICAES Biblioteca Miguel de Cervantes - UNICAES Sala Principal 28/05/2014 Donación - COREI, S.A de C.V 016707     030.083 LAR (v. 5) 1017050 28/05/2014   15.87 28/05/2014 1- Monografias